Sąsiedzi Austrii - Statystyki

Ogólne statystyki
  • Ten quiz został rozwiązany 216 razy
  • Średni wynik to 7 z 8
Statystyki odpowiedzi
Długość granicy Państwa % Poprawnych
784 km Niemcy
98%
362 km Czechy
96%
164 km Szwajcaria
90%
311 km Słowenia
89%
430 km Włochy
89%
346 km Węgry
88%
91 km Słowacja
81%
35 km Liechtenstein
64%
Nie znaleziono quizów pasujących do podanych kryteriów
Rozkład punktacji
Procent ludzi z każdym wynikiem
Percentyl według liczby udzielonych odpowiedzi
Twoja historia wyników
Nie rozwiązałeś tego quizu